| 000 | 00969nam a2200301 4500 | ||
|---|---|---|---|
| 001 | 23667 | ||
| 003 | BD-RjUL | ||
| 005 | 20211209000945.0 | ||
| 008 | 140311s1974 ja ab s 001 0 eng d | ||
| 035 | _a(BD-RjUL)23732 | ||
| 040 |
_aDLC _cDLC _dOCL _dNLGGC _dBD-RjUL _beng |
||
| 041 | 1 |
_aeng _hjpn |
|
| 082 | 0 | 0 |
_a915.2 _bMOD 1974 |
| 245 | 1 | 0 |
_aModern Japan; land and man / _cedited by Toshio Noh and Douglas H. Gordon. |
| 260 |
_aTokyo : _bTeikoku-Shoin, _cc1974. |
||
| 300 |
_aiv, 146 p. : _bill., maps ; _c21 cm. |
||
| 490 | 0 | _aTeikoku's geography of Japan | |
| 500 | _aTranslation of Nihon chiri. | ||
| 500 | _a"Teikoku-Shoin Co. ... commissioned this English version"--t.p. verso. | ||
| 650 | 0 |
_aEconomic geography. _97860 |
|
| 651 | 0 |
_aJapan _xEconomic conditions _y1945-1989. _96179 |
|
| 700 | 1 |
_aNoh, Toshio _972864 |
|
| 700 | 1 |
_aGordon, Douglas H. _972865 |
|
| 942 |
_2ddc _cBK |
||
| 999 |
_c23667 _d23667 |
||